[Event "16. Amber Blindfold"]
[Site "Montecarlo MNC"]
[Date "2007.03.18"]
[Round "2.6"]
[White "Aronian, Levon"]
[Black "Leko, Peter"]
[Result "1/2-1/2"]
[WhiteElo "2744"]
[BlackElo "2749"]
[PlyCount "78"]
[EventDate "2007.03.17"]
[EventType "tourn"]
[EventRounds "11"]
[EventCountry "MNC"]
[EventCategory "20"]
[Source "lmi"]
[SourceDate "2007.03.17"]

1. d4 Nf6 2. c4 e6 3. g3 c5 4. Nf3 cxd4 5. Nxd4 Bb4+ 6. Bd2 Bc5 7. Nb3 Be7 8.
Bg2 Nc6 9. Nc3 b6 10. Bf4 O-O 11. O-O Bb7 12. Qd2 Rc8 13. Rfd1 Ba6 14. Nb5 d5
15. Rac1 dxc4 16. Bxc6 Bxb5 17. Qxd8 Rfxd8 18. Rxd8+ Rxd8 19. Bxb5 cxb3 20.
axb3 Nd5 21. Bd2 h6 22. Kg2 Bb4 23. Bxb4 Nxb4 24. Rc4 a5 25. Rc7 Kf8 26. Rb7
Rd2 27. Rxb6 Rxb2 28. Bc4 Nc2 29. Ra6 Na3 30. Bd3 Rxb3 31. Rxa5 Rc3 32. Ra4 Rb3
33. Ra5 Nb1 34. Bc2 Rb4 35. Rc5 Nd2 36. Rc8+ Ke7 37. Rc7+ Kf8 38. Rd7 Ne4 39.
Bxe4 Rxe4 1/2-1/2

[Event "16. Amber Blindfold"]
[Site "Montecarlo MNC"]
[Date "2007.03.20"]
[Round "4.6"]
[White "Leko, Peter"]
[Black "Gelfand, Boris"]
[Result "1/2-1/2"]
[WhiteElo "2749"]
[BlackElo "2733"]
[PlyCount "70"]
[EventDate "2007.03.17"]
[EventType "tourn"]
[EventRounds "11"]
[EventCountry "MNC"]
[EventCategory "20"]
[Source "lmi"]
[SourceDate "2007.03.17"]

1. e4 c5 2. Nf3 d6 3. d4 cxd4 4. Nxd4 Nf6 5. Nc3 a6 6. Be3 Ng4 7. Bg5 h6 8. Bh4
g5 9. Bg3 Bg7 10. h3 Ne5 11. f3 Nbc6 12. Bf2 Be6 13. Qd2 Rc8 14. O-O-O Qa5 15.
Nb3 Qc7 16. Kb1 Na5 17. Bd4 Nac6 18. Be3 Na5 19. Nd5 Bxd5 20. Nxa5 Bc4 21. Bxc4
Nxc4 22. Nxc4 Qxc4 23. Qf2 Be5 24. Bd4 f6 25. g3 Rg8 26. Rhe1 Bxd4 27. Rxd4 Qe6
28. Rh1 Rc4 29. Rd2 Kf7 30. g4 h5 31. Qb6 Rh8 32. Rhd1 Qc8 33. Qb3 Kg7 34. a3
b5 35. Rd4 hxg4 1/2-1/2

[Event "16. Amber Blindfold"]
[Site "Montecarlo MNC"]
[Date "2007.03.23"]
[Round "6.2"]
[White "Van Wely, Loek"]
[Black "Leko, Peter"]
[Result "1/2-1/2"]
[WhiteElo "2683"]
[BlackElo "2749"]
[PlyCount "64"]
[EventDate "2007.03.17"]
[EventType "tourn"]
[EventRounds "11"]
[EventCountry "MNC"]
[EventCategory "20"]
[Source "lmi"]
[SourceDate "2007.03.17"]

1. d4 Nf6 2. c4 e6 3. Nf3 b6 4. g3 Ba6 5. b3 Bb4+ 6. Bd2 Be7 7. Nc3 O-O 8. e4
d5 9. cxd5 Bxf1 10. Kxf1 exd5 11. e5 Ne4 12. Kg2 Nxc3 13. Bxc3 Qd7 14. b4 Na6
15. Qb3 c6 16. Rac1 Nc7 17. Rc2 Ne6 18. Bd2 c5 19. dxc5 bxc5 20. bxc5 Bxc5 21.
Rhc1 Rac8 22. Qd3 h6 23. h4 d4 24. Qe4 Bb6 25. Bb4 Rxc2 26. Rxc2 Rc8 27. Rxc8+
Qxc8 28. h5 Qc4 29. Qa8+ Kh7 30. Qe4+ Kg8 31. Qa8+ Kh7 32. Qe4+ Kg8 1/2-1/2

[Event "16. Amber Blindfold"]
[Site "Montecarlo MNC"]
[Date "2007.03.24"]
[Round "7.1"]
[White "Svidler, Peter"]
[Black "Anand, Viswanathan"]
[Result "1/2-1/2"]
[WhiteElo "2728"]
[BlackElo "2779"]
[PlyCount "54"]
[EventDate "2007.03.17"]
[EventType "tourn"]
[EventRounds "11"]
[EventCountry "MNC"]
[EventCategory "20"]
[Source "lmi"]
[SourceDate "2007.03.17"]

1. e4 e5 2. Nf3 Nc6 3. Bb5 a6 4. Ba4 Nf6 5. O-O Be7 6. Re1 b5 7. Bb3 O-O 8. h3
Bb7 9. d3 d6 10. a4 Na5 11. Ba2 c5 12. Nbd2 b4 13. c3 Rc8 14. cxb4 cxb4 15. Nf1
d5 16. exd5 b3 17. Bxb3 Nxb3 18. Qxb3 Bxd5 19. Qd1 e4 20. dxe4 Nxe4 21. Qe2 Re8
22. Rd1 Qa5 23. Ne3 Ba8 24. Nd2 Nd6 25. Ndf1 Ne4 26. Nd2 Nd6 27. Ndf1 Ne4
1/2-1/2

[Event "16. Amber Blindfold"]
[Site "Montecarlo MNC"]
[Date "2007.03.27"]
[Round "9.4"]
[White "Aronian, Levon"]
[Black "Anand, Viswanathan"]
[Result "1-0"]
[WhiteElo "2744"]
[BlackElo "2779"]
[PlyCount "75"]
[EventDate "2007.03.17"]
[EventType "tourn"]
[EventRounds "11"]
[EventCountry "MNC"]
[EventCategory "20"]
[Source "lmi"]
[SourceDate "2007.03.17"]

1. d4 d5 2. c4 c6 3. Nf3 Nf6 4. e3 Bf5 5. Nc3 e6 6. Nh4 Bg6 7. Nxg6 hxg6 8. g3
Nbd7 9. Bg2 dxc4 10. Qe2 Be7 11. Qxc4 e5 12. Ne2 exd4 13. Nxd4 Ne5 14. Qc2 Bb4+
15. Bd2 Bxd2+ 16. Qxd2 O-O 17. Rc1 Qe7 18. O-O c5 19. Nf3 Rfd8 20. Qc2 Nd3 21.
Rcd1 Nb4 22. Qb3 Rac8 23. a3 Nbd5 24. Qc4 Nb6 25. Qc2 Nbd7 26. Rfe1 b5 27. e4
Nf8 28. Bh3 Rxd1 29. Rxd1 Rc7 30. e5 N6d7 31. Qe4 c4 32. Rd6 Nc5 33. Qa8 Nd3
34. Rd8 Qc5 35. e6 Nxf2 36. exf7+ Kxf7 37. Rxf8+ Qxf8 38. Ne5+ 1-0